MARC Record
Leader
003
BE-GnUNI
007
't'u
035
a| (MSK)314000225
084
a| II.B.309
245
0
0
a| Hart-Slag :
b| tweemaandelijks tijdschrift (= Hartslag).
260
a| Gent :
b| Jacques 't Kindt,
c| 1977-1984.
546
a| Nederlands
500
a| Tijdschriften
852
4
b| MSK
c| MSK
j| II.B.309
920
a| tijdschrift
001
000044424
005
20241224121705.0